SnowRunner: Unique Map Features - Statistics

General Stats
  • This quiz has been taken 24 times
  • The average score is 9 of 31
Answer Stats
Hint Answer % Correct
Is the starting map. Black River
100%
To the left of the garage (to the right on the map) is one of the worst mud pits, containing fast-flowing water and few winch points. This map also introduces generators to the player, which is crucial for progression. Black Badger Lake
50%
Is the only map in its region. Burning Mill
50%
Contains the infamous "Cousin Cletus" task, as well as the Pacific P16. Drummond Island
50%
Is the only map where you can launch a rocket. Cosmodrome
43%
Is the first map to introduce snow and ice physics to the player. North Port
43%
The image for this map is also the cover image for this quiz. Smithville Dam
43%
Contains Active suspension for the Azov 73210. Chernokamensk
36%
Allows you to pull a diesel locomotive as a task. Grainwoods River
36%
Is the only map with quotation marks in its name. "HarvestCorp"
36%
Is the only 1x1 km map to connect to three regions. Mountain River
36%
Is the only map to contain rocket parts. Urska River
36%
Is the only map to have Wind Turbine Blade Semi-Trailers. Crossroads
29%
Is commonly regarded as the most infuriating map. Imandra
29%
The description for the "Don's Right Hand" contract says to get materials from this map's port, but you actually get them from the pier. Factory Grounds
29%
Introduces cargo crafting to the player. Flooded Foothills
29%
Is the only 1.3km x 1.3km area map. The picture also contains a truck that would not be released until Phase 6. Pedro Bay
29%
The name and pronunciation of this map resembles a virus that shall not be named. Lake Kovd
21%
Was featured in some SnowRunner trailers, but wasn't released until update 5.0. Rift
21%
Is the only map where you can obtain Potato Samples. The Institute
21%
Is the only map with a different garage interior. The Lowland
21%
Is the only 1.3km x 2km map. White Valley
21%
Contains the Tatra PHOENIX. Antonovskiy Nature Reserve
14%
Contains a task that requires you to rescue a Western Star 6900 TwinSteer but does not give you the truck after completion. Big Salmon Peak
14%
The cargo location for the Oil Rig Drill on this map unlocks after completing the "Drilling Equipment Delivery" contract. Drowned Lands
14%
The only two cargo locations are two sideboard trailers, one carrying Metal Beams, the other carrying Wooden Planks. Northern Aegis Installation
14%
Contains the drop-off for the "Key Buildings Restoration" task, the first task that allows for garage restoration. Zimnegorsk
14%
The Trailer Store is located near the Northern Cheremuski. Heartlands
7%
Introduces limited-stock warehouses to the player. Island Lake
7%
Has not been featured in any of the previous questions. Quarry
7%
Has an observatory. Yellowrock National Forest
7%
No matching quizzes found
Score Distribution
Percent of People with Each Score
Percentile by Number Answered
Your Score History
You have not taken this quiz